[Event "SS Manhem Elo Tournament 2016"]
[Site "Idrottsvägen 2, Mölnlycke, Sweden"]
[Date "2016.08.16"]
[Round "5"]
[White "Wiklund, Robert"]
[Black "Wickström, Tommy"]
[Result "0-1"]
[WhiteElo "1810"]
[BlackElo "1983"]

1.e4 e6 2.d4 d5 3.e5 c5 4.c3 Qb6 5.Nf3 Nc6 6.Bd3 Bd7 7.O-O cxd4 8.cxd4 Nxd4 9.Nxd4 Qxd4 10.Nc3 a6 11.Qe2 Nh6 12.h3 Qa7 13.a3 Bc5 14.b4 Bd4 15.Bb2 Rc8 16.Rac1 O-O 17.Nd1 f6 18.exf6 Rxc1 19.Bxc1 Rxf6 20.Bxh6 gxh6 21.Ne3 Rxf2 22.Qg4+ Kh8 23.Kxf2 Bxe3+ 24.Ke2 Bg5 25.Qf3 Qb8 26.Qf7 Qe5+ 27.Kd1 Ba4+ 28.Bc2 Qd4+ 29.Ke2 Qe3+ 30.Kd1 Qd2# 0-1

[Event "SS Manhem Elo Tournament 2016"]
[Site "Idrottsvägen 2, Mölnlycke, Sweden"]
[Date "2016.08.16"]
[Round "5"]
[White "Fendrich, Peter"]
[Black "Blazekovic, Nina"]
[Result "1-0"]
[WhiteElo "1715"]
[BlackElo "1898"]

1.Nf3 g6 2.g3 Bg7 3.d4 Nf6 4.Bg2 O-O 5.O-O d6 6.a4 Nc6 7.a5 a6 8.d5 Nb8 9.c4 e5 10.Nc3 Bg4 11.Bg5 Qe8 12.h3 Bxf3 13.Bxf3 Nbd7 14.Qc2 h6 15.Bd2 Nh7 16.Qc1 h5 17.e4 Qe7 18.Bg2 Rab8 19.Ra3 c5 20.Rb3 Qd8 21.Na4 b5 22.axb6 Rb7 23.Ba5 Qe7 24.h4 Rfb8 25.Ra3 Nhf6 26.Qd2 Kh7 27.Raa1 Bh6 28.Qc3 Ng4 29.Qd3 Qf8 30.Ra3 Qg7 31.Ra2 g5 32.hxg5 Qxg5 33.b4 Qg6 34.bxc5 dxc5 35.Qf3 Rg8 36.Qf5 h4 37.Qxg6+ Rxg6 38.gxh4 Bf4 39.Rb1 Nh2 40.Rb3 Ng4 41.Be1 Nxb6 42.Ba5 Nxc4 43.Rxb7 Nxa5 44.Rxf7+ Kg8 45.Rc7 Nc4 46.Nxc5 Nd2 47.Ne6 Bh6 48.h5 Rf6 49.Rxa6 Rxf2 50.Ra8+ Bf8 51.Rg7+ 1-0

[Event "SS Manhem Elo Tournament 2016"]
[Site "Idrottsvägen 2, Mölnlycke, Sweden"]
[Date "2016.08.16"]
[Round "5"]
[White "Freed, Markus"]
[Black "Svensson, Anders"]
[Result "1/2-1/2"]
[WhiteElo "1745"]
[BlackElo "1745"]

1.g3 d5 2.Bg2 Nf6 3.c4 e6 4.Nf3 Be7 5.O-O O-O 6.b3 b6 7.cxd5 exd5 8.Nc3 Bb7 9.e3 c5 10.Bb2 Nc6 11.d4 Rc8 12.dxc5 Bxc5 13.Ne2 Ba6 14.Nfd4 Bxd4 15.Bxd4 Nb4 16.a3 Nc2 17.Ra2 Bxe2 18.Qxe2 Nxd4 19.exd4 Re8 20.Qd3 1/2-1/2

[Event "SS Manhem Elo Tournament 2016"]
[Site "Idrottsvägen 2, Mölnlycke, Sweden"]
[Date "2016.08.17"]
[Round "7"]
[White "Bengtsson, Jonas"]
[Black "Al-Hadarani, Hatim"]
[Result "1/2-1/2"]
[WhiteElo "2117"]
[BlackElo "2257"]

1.d4 Nc6 2.Nf3 d5 3.c4 Bg4 4.Nc3 Bxf3 5.exf3 e6 6.cxd5 exd5 7.Bb5 a6 8.Bxc6+ bxc6 9.Qe2+ Be7 10.O-O Kf8 11.Bf4 h5 12.Rac1 g5 13.Be3 Bf6 14.Na4 Ne7 15.Qd2 Rg8 16.Rc2 Rg6 17.Rfc1 Kg8 18.Nc5 g4 19.fxg4 Rxg4 20.Nb3 Qd7 21.Qd3 Kh8 22.f3 Rg6 23.Bf4 Rag8 24.Kh1 Bg7 25.Re1 Nf5 26.Be5 Nh4 27.g3 Qh3 28.Qf1 Qxf1+ 29.Rxf1 Bxe5 30.dxe5 Nf5 31.Rfc1 Ne7 32.Nd4 Rb8 33.b3 Rb6 34.Kg2 Kg8 35.f4 f5 36.Kf3 Kf8 37.Ke3 Ke8 38.Rc5 Kd7 39.R1c3 h4 40.Kf2 Rh6 41.Kf3 hxg3 42.hxg3 Rh1 43.Rc1 Rh2 44.R5c2 Rh8 45.e6+ Kd6 46.b4 Rh6 47.a3 Rh8 48.Rc5 Rh2 49.R5c2 Rh8 50.Kg2 a5 51.b5 cxb5 52.Rxc7 Rd8 53.g4 fxg4 54.f5 Nxf5 55.Nxf5+ Kxe6 56.Nd4+ Kf6 57.R1c6+ Rxc6 58.Rxc6+ Ke5 59.Nxb5 d4 60.Nxd4 Rxd4 61.Rc5+ Kf4 62.Rxa5 Rd2+ 63.Kf1 Kg3 64.Ra8 Rf2+ 65.Kg1 Rg2+ 66.Kf1 Rf2+ 67.Kg1 Ra2 68.Kf1 Rf2+ 69.Kg1 Ra2 70.Kf1 Ra1+ 71.Ke2 Kg2 72.a4 g3 73.a5 Ra2+ 74.Ke1 Kg1 75.a6 g2 76.a7 Kh2 77.Rh8+ Kg3 78.Rg8+ Kf3 79.Rf8+ Ke3 80.Re8+ 1/2-1/2

[Event "SS Manhem Elo Tournament 2016"]
[Site "Idrottsvägen 2, Mölnlycke, Sweden"]
[Date "2016.08.17"]
[Round "7"]
[White "Bengtsson, Jessica"]
[Black "Gromark, Per-Olof"]
[Result "1/2-1/2"]
[WhiteElo "2010"]
[BlackElo "2040"]

1.e4 c5 2.c3 Nf6 3.e5 Nd5 4.d4 cxd4 5.Nf3 e6 6.cxd4 d6 7.Bc4 Be7 8.O-O O-O 9.Bd2 b6 10.Qe2 Nd7 11.Nc3 Nxc3 12.Bxc3 Bb7 13.Bb3 dxe5 14.Nxe5 Nf6 15.Rfe1 Bd5 16.Bc2 Qc7 17.Qd3 g6 18.a3 Rac8 19.Qe3 Ba8 20.Qh6 Bd6 21.Bd3 Rfd8 22.Qg5 Nd5 23.Ba6 Bb7 24.Bxb7 Qxb7 25.Ng4 Qe7 26.Bd2 Rc2 27.Rab1 Qxg5 28.Bxg5 Rdc8 29.Ne3 Nxe3 30.Bxe3 Kg7 31.Red1 f5 32.g3 Kf6 33.Rbc1 R8c7 34.Rxc2 Rxc2 35.Rd2 Rc8 36.Kf1 g5 37.f4 g4 38.Ke2 Rc1 39.Kd3 Bc7 40.Re2 Rc6 41.Rc2 Rxc2 42.Kxc2 a6 43.a4 Ke7 44.Kd3 Kd6 45.Kc4 Kc6 46.b3 a5 47.Bf2 Bd6 48.Be1 Ba3 49.Bd2 h6 50.Be3 Bb4 51.Bf2 Bd2 52.Kd3 Bc1 53.Kc4 h5 54.Bg1 Bd2 1/2-1/2

[Event "SS Manhem Elo Tournament 2016"]
[Site "Idrottsvägen 2, Mölnlycke, Sweden"]
[Date "2016.08.17"]
[Round "7"]
[White "Pettersson, Anders"]
[Black "Degerfelt,Sven"]
[Result "1-0"]
[WhiteElo "2034"]
[BlackElo "1952"]

1.d4 d5 2.c4 e6 3.Nc3 Nf6 4.Bg5 Be7 5.e3 Nbd7 6.Nf3 c6 7.Qc2 O-O 8.O-O-O b6 9.h4 Bb7 10.Kb1 a6 11.Ne5 Nxe5 12.dxe5 Nd7 13.f4 b5 14.Bd3 h6 15.g4 bxc4 16.Bh7+ Kh8 17.Bxe7 Qxe7 18.g5 f5 19.exf6 gxf6 20.Bg6 f5 21.Rhg1 Nc5 22.Qe2 Qg7 23.gxh6 Qf6 24.Rg5 Rg8 25.Rdg1 Raf8 26.Qg2 Qe7 27.Bh5 Rxg5 28.hxg5 Kg8 29.g6 Rf6 30.Qg5 e5 31.g7 1-0

[Event "SS Manhem Elo Tournament 2016"]
[Site "Idrottsvägen 2, Mölnlycke, Sweden"]
[Date "2016.08.17"]
[Round "7"]
[White "Johansson, Eva"]
[Black "Blazekovic, Nina"]
[Result "0-1"]
[WhiteElo "1900"]
[BlackElo "1898"]

1.d4 Nf6 2.c4 g6 3.Nf3 Bg7 4.g3 O-O 5.Bg2 d6 6.O-O Nc6 7.d5 Na5 8.Na3 c5 9.h3 a6 10.Re1 Rb8 11.Qd3 Bd7 12.e4 b5 13.Rb1 Qc8 14.Kh2 h5 15.b3 Qc7 16.Bf4 Qd8 17.Nd2 h4 18.g4 Qc8 19.f3 Nh7 20.Kh1 Qe8 21.Nc2 bxc4 22.Nxc4 Nxc4 23.Qxc4 Bb5 0-1

[Event "SS Manhem Elo Tournament 2016"]
[Site "Idrottsvägen 2, Mölnlycke, Sweden"]
[Date "2016.08.17"]
[Round "7"]
[White "Wickström, Tommy"]
[Black "Fendrich, Peter"]
[Result "0-1"]
[WhiteElo "1983"]
[BlackElo "1715"]

1.d4 Nf6 2.Bf4 e6 3.e3 b6 4.Nf3 Bb7 5.Bd3 c5 6.c3 Be7 7.O-O Nh5 8.Bg3 O-O 9.Nbd2 d5 10.Re1 Nc6 11.Ne5 Nxg3 12.Nxc6 Ne2+ 13.Qxe2 Bxc6 14.f4 g6 15.Nf3 a6 16.Rad1 Bd6 17.h4 c4 18.Bc2 f5 19.h5 gxh5 20.Ng5 Qe8 21.Kf2 h6 22.Nf3 Qb8 23.Rh1 Be8 24.Rh3 b5 25.Rdh1 Ra7 26.Ne5 Rg7 27.Bd1 b4 28.Rxh5 Bxh5 29.Qxh5 Rf6 30.cxb4 Qxb4 31.Qe8+ Kh7 32.g4 Bxe5 33.dxe5 Rfg6 34.g5 Qd2+ 35.Be2 d4 36.exd4 Qxf4+ 37.Ke1 Qc1+ 38.Bd1 Qxg5 39.Rxh6+ 0-1

[Event "SS Manhem Elo Tournament 2016"]
[Site "Idrottsvägen 2, Mölnlycke, Sweden"]
[Date "2016.08.17"]
[Round "7"]
[White "Svensson, Anders"]
[Black "Alfvén, Jörgen"]
[Result "0-1"]
[WhiteElo "1745"]
[BlackElo "1902"]

1.e4 c5 2.Nf3 d6 3.d4 cxd4 4.Nxd4 Nf6 5.Nc3 a6 6.Bc4 e6 7.Bb3 Be7 8.O-O O-O 9.Kh1 Qc7 10.f4 Nc6 11.Be3 b5 12.Qf3 Nxd4 13.Bxd4 Bb7 14.Rae1 Rfd8 15.f5 e5 16.Bf2 b4 17.Nd1 d5 18.exd5 Nxd5 19.Qh5 Bf6 20.Bxd5 Rxd5 21.Ne3 Rd2 22.Bh4 Bxh4 23.Qxh4 Qc6 24.Rf2 Rad8 25.Rxd2 Rxd2 26.Re2 Rd4 27.Qe7 f6 28.h3 Qd7 29.Qc5 h5 30.c4 bxc3 31.Qxc3 Kh7 32.Rc2 Be4 33.Rf2 Qb5 34.Qc8 Rd3 35.Nc4 Rxh3+ 36.Kg1 Rd3 37.a4 Qxa4 38.Nb6 Qd1+ 39.Kh2 Qg4 40.Qxa6 Qg3+ 41.Kg1 Rd1+ 42.Rf1 Qxg2# 0-1

[Event "SS Manhem Elo Tournament 2016"]
[Site "Idrottsvägen 2, Mölnlycke, Sweden"]
[Date "2016.08.17"]
[Round "7"]
[White "Freed, Markus"]
[Black "Wiklund, Robert"]
[Result "0-1"]
[WhiteElo "1745"]
[BlackElo "1810"]

1.b3 e5 2.Bb2 d6 3.e3 f5 4.c4 Nf6 5.Nf3 Be7 6.Nc3 e4 7.Nd4 c5 8.Nc2 O-O 9.d3 Be6 10.dxe4 fxe4 11.Nd5 Ng4 12.Nf4 Nxf2 13.Nxe6 Nxd1 14.Nxd8 Nxb2 15.Nxb7 Nc6 16.Rb1 Nd3+ 0-1

[Event "SS Manhem Elo Tournament 2016"]
[Site "Idrottsvägen 2, Mölnlycke, Sweden"]
[Date "2016.08.17"]
[Round "6"]
[White "Al-Hadarani, Hatim"]
[Black "Pettersson, Anders"]
[Result "1-0"]
[WhiteElo "2257"]
[BlackElo "2034"]

1.c4 Nf6 2.Nc3 e6 3.d4 d5 4.Nf3 Be7 5.e3 O-O 6.Bd3 dxc4 7.Bxc4 b6 8.O-O Bb7 9.Qe2 c5 10.Rd1 Qc8 11.e4 cxd4 12.Nxd4 Nc6 13.Nf3 Na5 14.Bd3 Qc5 15.e5 Bxf3 16.gxf3 Nd5 17.Nxd5 exd5 18.Bf4 Qb4 19.Bg3 Bg5 20.f4 Bh6 21.Ba6 Rad8 22.Rac1 Qe7 23.Qh5 Qd7 24.b4 Nb7 25.Rc3 Rfe8 26.Bf1 a5 27.Bh3 Qa4 28.Rc7 g6 29.Qf3 Rb8 30.Qxd5 Nd8 31.Bd7 Qxb4 32.Bxe8 Qf8 33.Bxf7+ Nxf7 34.e6 Kh8 35.Rxf7 1-0

[Event "SS Manhem Elo Tournament 2016"]
[Site "Idrottsvägen 2, Mölnlycke, Sweden"]
[Date "2016.08.17"]
[Round "6"]
[White "Gromark, Per-Olof"]
[Black "Wickström, Tommy"]
[Result "0-1"]
[WhiteElo "2040"]
[BlackElo "1983"]

1.Nf3 g6 2.e4 Bg7 3.d4 d6 4.c4 e6 5.Be2 h6 6.Nc3 a6 7.Be3 Ne7 8.Qd2 b6 9.O-O Bb7 10.Rad1 Nd7 11.h3 f5 12.exf5 Nxf5 13.d5 e5 14.Nh2 Qe7 15.b4 a5 16.a3 axb4 17.axb4 Nxe3 18.fxe3 Nf6 19.Ng4 Bc8 20.Nxf6+ Bxf6 21.Bd3 Rg8 22.Qc2 Bg5 23.Ra1 Bxe3+ 24.Kh1 Rxa1 25.Rxa1 Qh4 26.Bxg6+ Ke7 27.Bf5 Qg3 28.Rf1 Bf4 29.Rxf4 Qxf4 30.Bxc8 Rxc8 31.Qh7+ Qf7 32.Qxh6 Rg8 33.Kg1 Qg6 34.Qxg6 Rxg6 35.Ne4 Rg8 36.Kf2 Ra8 37.b5 Ra4 38.Nd2 Kf6 39.g3 Kf5 40.Kf3 e4+ 41.Kf2 Ke5 42.h4 Ra2 43.Ke3 Ra3+ 0-1

[Event "SS Manhem Elo Tournament 2016"]
[Site "Idrottsvägen 2, Mölnlycke, Sweden"]
[Date "2016.08.17"]
[Round "6"]
[White "Blazekovic, Nina"]
[Black "Bengtsson, Jonas"]
[Result "0-1"]
[WhiteElo "1898"]
[BlackElo "2117"]

1.e4 c5 2.Nf3 e6 3.d4 cxd4 4.Nxd4 Nf6 5.Nc3 d6 6.g4 h6 7.h4 Nc6 8.Rg1 d5 9.Nxc6 bxc6 10.Bd3 h5 11.gxh5 Nxh5 12.Bg5 Qb6 13.Na4 Qa5+ 14.c3 Bd7 15.Bc2 Nf6 16.b4 Qc7 17.Qf3 Qe5 18.O-O-O dxe4 19.Bxf6 Qxf6 20.Qxe4 Rxh4 21.Qd3 Rd8 22.Qa6 Qf4+ 23.Kb1 Qc7 24.Rg3 Rf4 25.Qe2 a5 26.a3 axb4 27.axb4 Qa7 28.Rf3 Rxf3 29.Qxf3 c5 30.Nb2 cxb4 31.c4 Ra8 32.Bb3 Be7 33.Kc2 Bf6 34.Rb1 Ke7 35.Nd3 Bc3 36.Nc5 Qxc5 0-1

[Event "SS Manhem Elo Tournament 2016"]
[Site "Idrottsvägen 2, Mölnlycke, Sweden"]
[Date "2016.08.17"]
[Round "6"]
[White "Johansson, Eva"]
[Black "Alfvén, Jörgen"]
[Result "1-0"]
[WhiteElo "1900"]
[BlackElo "1902"]

1.d4 Nf6 2.c4 e6 3.Nf3 d5 4.g3 dxc4 5.Qa4+ Bd7 6.Qxc4 Nc6 7.Bg2 Bb4+ 8.Bd2 Bxd2+ 9.Nbxd2 O-O 10.O-O a6 11.a3 Re8 12.Rac1 Rc8 13.Rfd1 Ne7 14.Nb3 Bc6 15.Ne5 Bxg2 16.Kxg2 c6 17.Nc5 Nfd5 18.e4 b5 19.Qb3 Nf6 20.Nxe6 Qd6 21.Ng5 1-0

[Event "SS Manhem Elo Tournament 2016"]
[Site "Idrottsvägen 2, Mölnlycke, Sweden"]
[Date "2016.08.17"]
[Round "6"]
[White "Bengtsson, Jessica"]
[Black "Fendrich, Peter"]
[Result "0-1"]
[WhiteElo "2010"]
[BlackElo "1715"]

1.e4 c5 2.c3 d5 3.exd5 Nf6 4.d4 cxd4 5.cxd4 Nxd5 6.Nf3 Nc6 7.Nc3 Bg4 8.Be2 e6 9.O-O Be7 10.h3 Bf5 11.a3 O-O 12.Be3 Rc8 13.Rc1 h6 14.Nxd5 Qxd5 15.Bc4 Qd6 16.b4 Rfd8 17.Qe2 Bf6 18.Rfd1 Ne7 19.Ne5 Nd5 20.Bxd5 Qxd5 21.f4 Qb3 22.Rxc8 Rxc8 23.Rc1 Rc3 24.Rxc3 Qxc3 25.Bf2 Qc1+ 26.Qf1 Qxa3 27.Qc4 Be4 28.f5 Qa1+ 29.Kh2 Bxe5+ 30.dxe5 Qxe5+ 31.Kg1 exf5 32.Bd4 Qg3 33.Qe2 b6 34.Bb2 f6 35.Bc1 a5 36.bxa5 bxa5 37.Qa2+ Kh7 38.Qf2 Qb3 39.Kh2 a4 40.Qb2 Qd1 41.Qd2 Qf1 42.Ba3 f4 43.Bf8 f3 44.gxf3 Qxf3 45.Bc5 f5 46.Qf2 Qh1+ 47.Kg3 g5 48.Qe2 Qc1 0-1

[Event "SS Manhem Elo Tournament 2016"]
[Site "Idrottsvägen 2, Mölnlycke, Sweden"]
[Date "2016.08.17"]
[Round "6"]
[White "Degerfelt,Sven"]
[Black "Freed, Markus"]
[Result "1-0"]
[WhiteElo "1952"]
[BlackElo "1745"]

1.d4 d5 2.c4 e6 3.Nc3 Nf6 4.Nf3 Be7 5.e3 O-O 6.Qc2 c5 7.a3 cxd4 8.exd4 Nc6 9.cxd5 exd5 10.h3 Re8 11.Be3 Ne4 12.Bd3 Bf5 13.O-O Rc8 14.Qd1 Bf6 15.Rc1 Qd7 16.Re1 Re7 17.Bf1 Rce8 18.Na4 Ng3 19.Nc5 Qc7 20.Bb5 h6 21.Nd3 Qc8 22.Nde5 Bxh3 23.Bxc6 bxc6 24.Rxc6 Qf5 25.fxg3 Bg4 26.Bf2 Rb7 27.b4 a5 28.Qd2 axb4 29.axb4 Reb8 30.Nxg4 Qxg4 31.Rb1 Qf5 32.Rb2 Ra7 33.Rc1 Rba8 34.b5 Ra1 35.b6 Rxc1+ 36.Qxc1 Be7 37.Qb1 Qd7 38.b7 Rb8 39.Ne5 Qc7 40.Rb5 Bd6 41.Nf3 Bxg3 42.Bxg3 Qxg3 43.Qc2 1-0

[Event "SS Manhem Elo Tournament 2016"]
[Site "Idrottsvägen 2, Mölnlycke, Sweden"]
[Date "2016.08.17"]
[Round "6"]
[White "Wiklund, Robert"]
[Black "Svensson, Anders"]
[Result "1-0"]
[WhiteElo "1810"]
[BlackElo "1745"]

1.e4 e5 2.f4 d5 3.exd5 exf4 4.Nf3 Nf6 5.Bb5+ c6 6.dxc6 Nxc6 7.d4 Bd6 8.O-O O-O 9.Bxc6 bxc6 10.Ne5 Bxe5 11.dxe5 Qb6+ 12.Kh1 Ng4 13.Qe1 Ne3 14.Bxe3 fxe3 15.b3 Qd4 16.Qc3 e2 17.Re1 Qf2 18.Nd2 Bf5 19.Qf3 Qxf3 20.Nxf3 Bxc2 21.Rxe2 Bf5 22.Nd4 Bg4 23.Rc2 Rfe8 24.Nxc6 Bd7 25.Rac1 h6 26.Kg1 Bxc6 27.Rxc6 Rxe5 28.Rc8+ Rxc8 29.Rxc8+ Kh7 30.Rc7 Ra5 31.a4 Kg6 32.Kf2 Ra6 33.Ke3 Rb6 34.Rc3 Re6+ 35.Kd3 Rd6+ 36.Kc4 Rd2 37.Rg3+ Kf6 38.Kb5 Rd6 39.b4 g6 40.Rc3 Rd2 41.Ka6 Rxg2 42.Kxa7 Rxh2 43.b5 Ra2 44.Rc4 Ke5 45.b6 Kd6 46.Rb4 Kc5 47.b7 Kxb4 48.b8=Q+ Kxa4 49.Qf4+ Kb5+ 50.Kb7 f5 51.Qe5+ Kb4 52.Qd6+ Kc3 53.Qxg6 Ra5 54.Qxh6 Kd4 55.Qf4+ Kd3 56.Kb6 Rd5 57.Kc6 Ra5 58.Kd6 Ra6+ 59.Ke5 Ra5+ 60.Kf6 Ra6+ 61.Kxf5 Ra5+ 62.Ke6 Ra6+ 63.Kd5 Ra5+ 64.Kc6 Ra2 65.Qb4 Rc2+ 66.Kd5 Rc3 67.Qe4+ Kd2 68.Kd4 Rc2 69.Qf3 Ke1 70.Qh1+ Kd2 71.Qf1 Rc1 72.Qf2+ Kd1 73.Kd3 Ra1 74.Qd2# 1-0

[Event "SS Manhem Elo Tournament 2016"]
[Site "Idrottsvägen 2, Mölnlycke, Sweden"]
[Date "2016.08.18"]
[Round "8"]
[White "Gromark, Per-Olof"]
[Black "Al-Hadarani, Hatim"]
[Result "0-1"]
[WhiteElo "2040"]
[BlackElo "2257"]

1.Nf3 c5 2.c4 d6 3.d4 cxd4 4.Nxd4 e5 5.Nc2 Nf6 6.Nc3 Be6 7.e4 Be7 8.Be2 Nbd7 9.O-O Nc5 10.f3 Nh5 11.Ne3 Nf4 12.Ned5 Bg5 13.Nxf4 exf4 14.Nb5 Ke7 15.g3 Bh3 16.Re1 Ne6 17.e5 dxe5 18.Bd2 Qb6+ 19.Kh1 Rhd8 20.Bb4+ Kf6 21.Qb3 Qf2 22.Rg1 Qxe2 23.Rae1 Qd3 24.Qxd3 Rxd3 25.Bc3 Nd4 26.Bxd4 exd4 27.Nd6 Re3 28.gxf4 Bxf4 29.Ne4+ Kf5 30.Rxe3 dxe3 0-1

[Event "SS Manhem Elo Tournament 2016"]
[Site "Idrottsvägen 2, Mölnlycke, Sweden"]
[Date "2016.08.18"]
[Round "8"]
[White "Wickström, Tommy"]
[Black "Pettersson, Anders"]
[Result "0-1"]
[WhiteElo "1983"]
[BlackElo "2034"]

1.d4 b6 2.c4 Bb7 3.Nc3 e6 4.a3 Nf6 5.Bg5 Be7 6.Qc2 d5 7.cxd5 exd5 8.Bxf6 Bxf6 9.e3 O-O 10.h4 c5 11.Nf3 Nc6 12.O-O-O c4 13.Ng5 g6 14.Be2 Na5 15.Rh2 Kg7 16.Nxh7 Kxh7 17.h5 Rh8 18.hxg6+ Kg7 19.Bh5 Rxh5 20.Rxh5 fxg6 21.Rh2 Qd6 22.Rdh1 Kf7 23.Rh7+ Bg7 24.R1h6 Qe6 25.Nb5 Qf6 26.g4 a6 27.g5 Qc6 28.f4 Bc8 29.Nc7 Ra7 30.Nxd5 Bf5 31.Rxg7+ Kxg7 32.Qh2 Nb3+ 33.Kd1 Qxd5 34.Rh7+ Kg8 35.Rh8+ Kf7 36.Qh7+ Ke6 37.Qg8+ Kd6 38.Qb8+ Kc6 0-1

[Event "SS Manhem Elo Tournament 2016"]
[Site "Idrottsvägen 2, Mölnlycke, Sweden"]
[Date "2016.08.18"]
[Round "8"]
[White "Degerfelt,Sven"]
[Black "Bengtsson, Jessica"]
[Result "1/2-1/2"]
[WhiteElo "1952"]
[BlackElo "2010"]

1.d4 Nf6 2.c4 e6 3.Nc3 Bb4 4.Qc2 c5 5.dxc5 Bxc5 6.Nf3 Qb6 7.e3 Qc7 8.a3 a6 9.b4 Be7 10.Bb2 b6 11.Be2 Bb7 12.O-O O-O 13.Rac1 d6 14.Rfd1 Nbd7 15.e4 Rac8 16.Qd3 Qb8 17.Qb1 Rfd8 18.h3 Nh5 19.Bf1 Nf4 20.g3 Ng6 21.Be2 Qa8 22.h4 Nge5 23.Nxe5 Nxe5 24.Rd4 Nc6 25.Rd2 Ne5 26.Rd4 Nc6 27.Rd2 Ne5 28.Rd4 1/2-1/2

[Event "SS Manhem Elo Tournament 2016"]
[Site "Idrottsvägen 2, Mölnlycke, Sweden"]
[Date "2016.08.18"]
[Round "8"]
[White "Fendrich, Peter"]
[Black "Bengtsson, Jonas"]
[Result "1-0"]
[WhiteElo "1715"]
[BlackElo "2117"]

1.Nf3 Nf6 2.g3 d5 3.Bg2 c6 4.O-O Bg4 5.b3 Nbd7 6.Bb2 e6 7.c4 Bd6 8.Na3 O-O 9.Nc2 e5 10.cxd5 cxd5 11.Ne3 Bxf3 12.exf3 Re8 13.f4 exf4 14.Nxd5 Nxd5 15.Bxd5 Rb8 16.Qh5 Rf8 17.Qf5 Nb6 18.Bg2 Qd7 19.Qa5 Nc8 20.Rfe1 b6 21.Qg5 f6 22.Qd5+ Qf7 23.Qd3 Kh8 24.Rac1 fxg3 25.hxg3 Bc5 26.a3 Ne7 27.b4 Rbd8 28.Qa6 Rxd2 29.bxc5 Rxb2 30.Qxa7 1-0

[Event "SS Manhem Elo Tournament 2016"]
[Site "Idrottsvägen 2, Mölnlycke, Sweden"]
[Date "2016.08.18"]
[Round "8"]
[White "Wiklund, Robert"]
[Black "Johansson, Eva"]
[Result "1/2-1/2"]
[WhiteElo "1810"]
[BlackElo "1900"]

1.e4 d6 2.d4 Nf6 3.Nc3 g6 4.Be3 c6 5.f3 b5 6.Bd3 Nbd7 7.d5 cxd5 8.Nxd5 a6 9.Ne2 Bg7 10.Nxf6+ Nxf6 11.c4 O-O 12.O-O b4 13.c5 dxc5 14.Bxc5 a5 15.Bb5 Nd7 16.Bd4 Ne5 17.a4 Ba6 18.f4 Bxb5 19.axb5 Nc4 20.b3 Bxd4+ 21.Qxd4 Na3 22.b6 Rb8 23.Rac1 Qxb6 24.Rfd1 e6 25.Qxb6 Rxb6 26.Rd7 a4 27.Nd4 axb3 28.Nxb3 Nb5 29.Rc4 Nc3 30.Kf2 Rfb8 31.Ke3 R6b7 32.Rc8+ Kg7 33.Rxb8 Rxb8 34.g4 Nb1 35.Nc5 Kf8 36.Kd3 Rc8 37.Kc4 b3 38.Rd2 Na3+ 39.Kb4 Nc2+ 40.Kxb3 Rxc5 1/2-1/2

[Event "SS Manhem Elo Tournament 2016"]
[Site "Idrottsvägen 2, Mölnlycke, Sweden"]
[Date "2016.08.18"]
[Round "8"]
[White "Alfvén, Jörgen"]
[Black "Freed, Markus"]
[Result "1-0"]
[WhiteElo "1902"]
[BlackElo "1745"]

1.d4 d5 2.c4 e6 3.Nf3 Nf6 4.e3 c5 5.Nc3 Be7 6.cxd5 exd5 7.Qc2 Nc6 8.dxc5 O-O 9.Be2 Bxc5 10.a3 Bb6 11.Na4 Bc7 12.b4 Re8 13.Bb2 Qd6 14.Rc1 a6 15.Qc3 Bg4 16.Nc5 Bxf3 17.Nxb7 Qe5 18.gxf3 Rac8 19.Qxe5 Bxe5 20.Bxe5 Nxe5 21.Kd2 Kf8 22.Rxc8 Rxc8 23.Rc1 Rb8 24.Na5 Ke7 25.Nc6+ Nxc6 26.Rxc6 a5 27.b5 Nd7 28.Kc3 Nb6 29.Kd4 Kd7 30.e4 dxe4 31.fxe4 Nc8 32.Bg4+ 1-0

[Event "SS Manhem Elo Tournament 2016"]
[Site "Idrottsvägen 2, Mölnlycke, Sweden"]
[Date "2016.08.18"]
[Round "8"]
[White "Blazekovic, Nina"]
[Black "Svensson, Anders"]
[Result "1-0"]
[WhiteElo "1898"]
[BlackElo "1745"]

1.e4 c5 2.Nf3 Nc6 3.d4 cxd4 4.Nxd4 g6 5.c4 Nf6 6.Nc3 d6 7.Nc2 Bg7 8.Bd2 O-O 9.Rc1 Be6 10.b3 Nd7 11.Be2 Nc5 12.f3 a5 13.O-O Qb6 14.Kh1 Nb4 15.Ne1 Bxc3 16.Rxc3 Nxa2 17.Re3 a4 18.bxa4 Rxa4 19.f4 Bxc4 20.f5 Bb3 21.Qb1 Rfa8 22.Qb2 Ra3 23.fxg6 hxg6 24.Rh3 e5 25.Be3 Qb4 26.Bg4 Bc4 27.Qf2 Bxf1 28.Qf6 Bxg2+ 29.Kxg2 Qxe4+ 30.Bf3 Qxf3+ 1-0

[Event "SS Manhem Elo Tournament 2016"]
[Site "Idrottsvägen 2, Mölnlycke, Sweden"]
[Date "2016.08.19"]
[Round "9"]
[White "Al-Hadarani, Hatim"]
[Black "Blazekovic, Nina"]
[Result "1-0"]
[WhiteElo "2257"]
[BlackElo "1898"]

1.c4 Nf6 2.Nc3 g6 3.e4 d6 4.d4 Bg7 5.f3 O-O 6.Be3 e5 7.Nge2 Nc6 8.d5 Ne7 9.g4 c6 10.Ng3 cxd5 11.cxd5 Bd7 12.Qd2 a6 13.h4 b5 14.h5 b4 15.Nd1 a5 16.Qh2 Rc8 17.Bd3 Qc7 18.Qh4 Qb7 19.Bg5 Nexd5 20.exd5 Qxd5 21.Bxf6 Qxd3 22.hxg6 Qxg6 23.Bxg7 Kxg7 24.Nh5+ Kh8 25.Nf6 h5 26.Nxd7 Rfd8 27.Nf6 Kg7 28.Ne3 Qd3 29.Nf5+ Kf8 30.Qxh5 1-0

[Event "SS Manhem Elo Tournament 2016"]
[Site "Idrottsvägen 2, Mölnlycke, Sweden"]
[Date "2016.08.19"]
[Round "9"]
[White "Johansson, Eva"]
[Black "Bengtsson, Jessica"]
[Result "0-1"]
[WhiteElo "1900"]
[BlackElo "2010"]

1.d4 Nf6 2.c4 e6 3.Nf3 Bb4+ 4.Bd2 a5 5.g3 d6 6.Bg2 Nbd7 7.O-O e5 8.Qc2 O-O 9.Nc3 c6 10.Rfd1 Bxc3 11.Bxc3 e4 12.Ne1 d5 13.Bd2 Re8 14.Rac1 Qe7 15.cxd5 Nxd5 16.e3 N7f6 17.Qc5 Bg4 18.f3 exf3 19.Bxf3 Qd7 20.Qa3 Ne4 21.Bxg4 Qxg4 22.Ng2 Ng5 23.e4 Nh3+ 24.Kf1 Rxe4 0-1

[Event "SS Manhem Elo Tournament 2016"]
[Site "Idrottsvägen 2, Mölnlycke, Sweden"]
[Date "2016.08.19"]
[Round "9"]
[White "Alfvén, Jörgen"]
[Black "Wickström, Tommy"]
[Result "0-1"]
[WhiteElo "1902"]
[BlackElo "1983"]

1.d4 f5 2.Nf3 Nf6 3.g3 g6 4.Bg2 Bg7 5.O-O O-O 6.c4 d6 7.Nc3 Qe8 8.Qc2 e5 9.dxe5 dxe5 10.e3 e4 11.Nd4 c5 12.Nde2 Nc6 13.Nd5 Nxd5 14.cxd5 Ne5 15.f3 exf3 16.Bxf3 Nxf3+ 17.Rxf3 b6 18.h4 Bb7 19.Nf4 Be5 20.Bd2 Rd8 21.Kh2 Rxd5 22.Nxd5 Bxd5 23.Rf2 Qe7 24.Kh3 g5 25.Rxf5 g4+ 26.Kxg4 Rxf5 27.e4 Qg7+ 28.Bg5 Rxg5+ 29.hxg5 Be6+ 30.Kh4 h6 31.Qd2 Bf6 0-1

[Event "SS Manhem Elo Tournament 2016"]
[Site "Idrottsvägen 2, Mölnlycke, Sweden"]
[Date "2016.08.19"]
[Round "9"]
[White "Svensson, Anders"]
[Black "Bengtsson, Jonas"]
[Result "0-1"]
[WhiteElo "1745"]
[BlackElo "2117"]

1.e4 c5 2.Nf3 e6 3.d4 cxd4 4.Nxd4 Nf6 5.Nc3 d6 6.Be2 a6 7.O-O Qc7 8.Be3 b5 9.a3 Bb7 10.Qd3 Nbd7 11.Nb3 Be7 12.f4 O-O 13.Bf3 Rac8 14.Rad1 Nb6 15.Kh1 Nc4 16.Bc1 Rfd8 17.Qe2 Bf8 18.Qf2 Qb8 19.Qh4 a5 20.Nxb5 Nxe4 21.Rde1 f5 22.N5d4 Re8 23.Bh5 g6 24.Bd1 a4 25.Na1 Bg7 26.c3 Bd5 27.Bxa4 Red8 28.Nac2 Nxb2 29.Nb4 Nxa4 30.Nxd5 exd5 31.Ne6 Bf6 32.Ng5 Rd7 33.Rf3 Rxc3 34.Be3 d4 35.Bg1 Qd8 36.Rh3 Nxg5 37.fxg5 Rxh3 38.Qxh3 Be5 39.Qb3+ Rf7 40.Qxa4 Qxg5 41.Bxd4 Re7 42.Qa8+ Kg7 43.Qd8 Qf6 44.Bxe5 dxe5 45.Rd1 e4 46.a4 e3 47.Rd3 f4 48.a5 f3 49.a6 fxg2+ 50.Kxg2 Qf2+ 51.Kh3 Qf3+ 52.Kh4 Re4+ 53.Kg5 h6# 0-1

[Event "SS Manhem Elo Tournament 2016"]
[Site "Idrottsvägen 2, Mölnlycke, Sweden"]
[Date "2016.08.19"]
[Round "9"]
[White "Pettersson, Anders"]
[Black "Wiklund, Robert"]
[Result "1-0"]
[WhiteElo "2034"]
[BlackElo "1810"]

1.d4 d5 2.c4 e6 3.Nc3 c5 4.e3 Nf6 5.Nf3 Nc6 6.cxd5 Nxd5 7.Bd3 cxd4 8.exd4 Be7 9.O-O O-O 10.a3 Bf6 11.Ne2 e5 12.dxe5 Nxe5 13.Nxe5 Bxe5 14.Qc2 g6 15.Rd1 Be6 16.f4 Qb6+ 17.Kh1 Rac8 18.Qb1 Rxc1 19.Rxc1 Bxb2 20.f5 Bxc1 21.fxe6 Bb2 22.Ra2 fxe6 23.Rxb2 Rf1+ 24.Qxf1 Qxb2 25.Qc1 Qf6 26.Qc8+ Kg7 27.Qxb7+ Kh6 28.Qxa7 Qa1+ 29.Ng1 1-0

[Event "SS Manhem Elo Tournament 2016"]
[Site "Idrottsvägen 2, Mölnlycke, Sweden"]
[Date "2016.08.19"]
[Round "9"]
[White "Freed, Markus"]
[Black "Gromark, Per-Olof"]
[Result "0-1"]
[WhiteElo "1745"]
[BlackElo "2040"]

1.Nc3 d5 2.e4 d4 3.Nce2 e5 4.Ng3 Nf6 5.Nf3 Bd6 6.c3 c5 7.Bc4 O-O 8.O-O Nc6 9.d3 Na5 10.Bb3 Nxb3 11.axb3 a6 12.h3 h6 13.Nh2 Be6 14.Nh5 dxc3 15.bxc3 Be7 16.f4 Nxh5 17.f5 Bxb3 18.Qxh5 Bg5 19.Ng4 f6 20.h4 Bf7 0-1

[Event "SS Manhem Elo Tournament 2016"]
[Site "Idrottsvägen 2, Mölnlycke, Sweden"]
[Date "2016.08.19"]
[Round "9"]
[White "Fendrich, Peter"]
[Black "Degerfelt,Sven"]
[Result "1/2-1/2"]
[WhiteElo "1715"]
[BlackElo "1952"]

1.Nf3 d5 2.g3 Nf6 3.Bg2 c5 4.O-O Nc6 5.b3 e5 6.d3 Bd6 7.Bb2 h6 8.Nc3 Be6 9.e4 d4 10.Nb5 Bb8 11.Na3 a6 12.c3 b5 13.Qd2 Bd6 14.cxd4 cxd4 15.Nc2 Rc8 16.Rac1 b4 17.Nxe5 Bxe5 18.f4 a5 19.fxe5 Ng4 20.Ne1 Ngxe5 21.Nf3 O-O 1/2-1/2